-
PRAJAPATI, DR. SHAILESH THANAJI & MANIVANNAN, DR.R. AND KATEDESHMUKH, DR. RAMESH GANPATI
Entry Personal Name
Number of records used in: 1
001 - CONTROL NUMBER
003 - CONTROL NUMBER IDENTIFIER
005 - DATE AND TIME OF LATEST TRANSACTION
- control field:
20240919122753.0
008 - FIXED-LENGTH DATA ELEMENTS
- fixed length control field:
240919|| aca||aabn | a|a d
040 ## - CATALOGING SOURCE
- Original cataloging agency:
JRU
- Transcribing agency:
JRU
100 ## - HEADING--PERSONAL NAME
- Personal name:
PRAJAPATI, DR. SHAILESH THANAJI & MANIVANNAN, DR.R. AND KATEDESHMUKH, DR. RAMESH GANPATI
670 ## - SOURCE DATA FOUND
- Source citation:
Work cat.: (JRU)8673: PRAJAPATI, DR. SHAILESH THANAJI & MANIVANNAN, DR.R. AND KATEDESHMUKH, DR. RAMESH GANPATI, NOVEL DRUG DELIVERY SYSTEM [B.PHARMA, 7TH SEMESTER]